LEADER 02141nam0 22003973i 450 001 SBL0576966 005 20231121125827.0 020 $aIT$b757984 100 $a19961028d1974 ||||0itac50 ba 101 | $aita 102 $ait 181 1$6z01$ai $bxxxe 182 1$6z01$an 200 1 $aNote introduttive ai dispacci al Senato dei rappresentanti diplomatici veneti$eserie: Costantinopoli, Firenze, Inghilterra, Pietroburgo$fSalvatore Carbone 210 $aRoma$c[s.n.]$d1974$eRoma$gArti grafiche fratelli Palombi 215 $a94 p.$d24 cm 225 | $aQuaderni della Rassegna degli archivi di Stato$v43 410 0$1001CFI0070334$12001 $aQuaderni della Rassegna degli archivi di Stato$v43 606 $aAmbasciatori veneti$xRelazioni$2FIR$3RMLC071000$9I 676 $a945.31$9$v21 700 1$aCarbone$b, Salvatore$3CFIV057139$4070$023294 801 3$aIT$bIT-01$c19961028 850 $aIT-RM0290 $aIT-RM0418 $aIT-RM0459 $aIT-RM0251 $aIT-RM0460 $aIT-RM1163 $aIT-RM1481 $aIT-FR0017 899 $aBIBLIOTECA ANGELICA$bRM0290 899 $aBIBLIOTECA ACCADEMIA NAZ. DEI LINCEI E CORSINIANA$bRM0418 899 $aARCHIVIO DI STATO DI ROMA$bRM0459 899 $aBiblioteca Della Soprintendenza Archivistica Per Il Lazio$bRM0251 899 1$aBiblioteca Dell' Archivio Centrale Dello Stato$bRM0460 $eS$uhttp://2.42.228.123/dgagaeta/pdf.php?file=Quaderni/5af0593e6fcaa.pdf 899 $aIstituto Centrale Restauro Conservazione Patrimonio Archivistico Librario$bRM1163 899 $aBiblioteca Della Società Dalmata Di Storia Patria$bRM1481 899 $aBiblioteca umanistica Giorgio Aprea$bFR0017 $eN 912 $aSBL0576966 950 0$aBiblioteca umanistica Giorgio Aprea$d 52MAG 4 Coll H 43$e 52MAG0000037755 VMB RS $fA $h20200709$i20200709 977 $a 06$a 10$a 12$a 24$a 27$a 36$a 43$a 52 996 $aNote introduttive ai dispacci al Senato dei rappresentanti diplomatici veneti$9163356 997 $aUNICAS